<?xml version="1.0" encoding="UTF-8"?>
<record
    xmlns:xsi="http://www.w3.org/2001/XMLSchema-instance"
    xsi:schemaLocation="http://www.loc.gov/MARC21/slim http://www.loc.gov/standards/marcxml/schema/MARC21slim.xsd"
    xmlns="http://www.loc.gov/MARC21/slim">

  <leader>00799nam a22002537a 4500</leader>
  <controlfield tag="005">20170123162348.0</controlfield>
  <datafield tag="010" ind1=" " ind2=" ">
    <subfield code="a">A-435622</subfield>
  </datafield>
  <datafield tag="020" ind1=" " ind2=" ">
    <subfield code="c">45.00</subfield>
  </datafield>
  <datafield tag="035" ind1=" " ind2=" ">
    <subfield code="a">A-435622</subfield>
  </datafield>
  <datafield tag="037" ind1=" " ind2=" ">
    <subfield code="b">Cen Lib/Ret</subfield>
  </datafield>
  <datafield tag="040" ind1=" " ind2=" ">
    <subfield code="a">DPL</subfield>
    <subfield code="b">UR</subfield>
  </datafield>
  <datafield tag="082" ind1=" " ind2=" ">
    <subfield code="a">848</subfield>
    <subfield code="2">&#x645; &#x634; &#x62A; </subfield>
  </datafield>
  <datafield tag="100" ind1=" " ind2=" ">
    <subfield code="a">&#x645;&#x634;&#x62A;&#x627;&#x642; &#x627;&#x62D;&#x645;&#x62F; &#x6CC;&#x648; &#x633;&#x641;&#x6CC;</subfield>
    <subfield code="9">134762</subfield>
  </datafield>
  <datafield tag="245" ind1=" " ind2=" ">
    <subfield code="a">&#x622;&#x628;&#x650; &#x6AF;&#x645; /</subfield>
    <subfield code="c">&#x645;&#x634;&#x62A;&#x627;&#x642; &#x627;&#x62D;&#x645;&#x62F; &#x6CC;&#x648; &#x633;&#x641;&#x6CC;</subfield>
  </datafield>
  <datafield tag="246" ind1=" " ind2=" ">
    <subfield code="a">Aab-e- gsm /</subfield>
    <subfield code="b">by Mushtaaq Ahmad Yusfi </subfield>
  </datafield>
  <datafield tag="260" ind1=" " ind2=" ">
    <subfield code="a">&#x62D;&#x6CC;&#x62F;&#x631;&#x627; &#x628;&#x627;&#x62F;</subfield>
    <subfield code="b">&#x6C1;&#x633;&#x627; &#x645;&#x6CC; &#x628;&#x6A9; &#x688;&#x67E;&#x648; </subfield>
    <subfield code="c">1990</subfield>
  </datafield>
  <datafield tag="270" ind1=" " ind2=" ">
    <subfield code="a">&#x645;&#x686;&#x6BE;&#x644;&#x6D2; &#x6A9;&#x645;&#x627;&#x646; </subfield>
    <subfield code="b">&#x62D;&#x6CC;&#x62F;&#x631;&#x627; &#x628;&#x627;&#x62F;</subfield>
  </datafield>
  <datafield tag="300" ind1=" " ind2=" ">
    <subfield code="a">404p.</subfield>
    <subfield code="c">20cm(Hb)</subfield>
  </datafield>
  <datafield tag="650" ind1=" " ind2=" ">
    <subfield code="a">&#x627;&#x631;&#x62F;&#x648; &#x627;&#x62F;&#x628; </subfield>
    <subfield code="9">134763</subfield>
  </datafield>
  <datafield tag="650" ind1=" " ind2=" ">
    <subfield code="a">&#x627;&#x631;&#x62F;&#x648; -- &#x6A9;&#x6BE;&#x627;&#x646;&#x6CC;&#x627; </subfield>
    <subfield code="9">134764</subfield>
  </datafield>
  <datafield tag="650" ind1=" " ind2=" ">
    <subfield code="v"> </subfield>
    <subfield code="a">Urdu --story</subfield>
    <subfield code="9">63935</subfield>
  </datafield>
  <datafield tag="650" ind1=" " ind2=" ">
    <subfield code="a">Urdu -- poetry</subfield>
    <subfield code="9">134765</subfield>
  </datafield>
  <datafield tag="942" ind1=" " ind2=" ">
    <subfield code="2">ddc</subfield>
    <subfield code="c">UR</subfield>
    <subfield code="h">848</subfield>
    <subfield code="m">&#x645; &#x634; &#x62A; </subfield>
  </datafield>
  <datafield tag="999" ind1=" " ind2=" ">
    <subfield code="c">109015</subfield>
    <subfield code="d">109015</subfield>
  </datafield>
  <datafield tag="952" ind1=" " ind2=" ">
    <subfield code="0">0</subfield>
    <subfield code="1">0</subfield>
    <subfield code="4">0</subfield>
    <subfield code="7">0</subfield>
    <subfield code="a">L</subfield>
    <subfield code="b">L</subfield>
    <subfield code="d">2016-02-18</subfield>
    <subfield code="e">Cen Lib/Ref</subfield>
    <subfield code="g">45.00</subfield>
    <subfield code="l">2</subfield>
    <subfield code="o">848 &#x645; &#x634; &#x62A; </subfield>
    <subfield code="p">A-435622</subfield>
    <subfield code="r">2019-10-10 00:00:00</subfield>
    <subfield code="s">2019-09-26</subfield>
    <subfield code="t">1</subfield>
    <subfield code="v">45.00</subfield>
    <subfield code="w">2016-02-18</subfield>
    <subfield code="y">UR</subfield>
    <subfield code="z">1</subfield>
  </datafield>
</record>
